000 00700nam a2200217Ia 4500
003 GCL
008 140319s9999 xx 000 0 ara d
020 _a1345169973
040 _aGCL /
_cGCL
082 0 4 _a250
_bع ف
100 1 _aعلى عبدالقادر
245 1 0 _aالفقه الاسلامى - القضاء والحسبة /
_cعلى عبدالقادر
260 _aتونس :
_bدار المعارف للطباعة والنشر ،
_c1994
300 _a110 ص ؛
_c24 سم
490 _aموسوعة الحضارة الاسلامية
_v9
650 0 4 _aالاسلام
650 0 4 _aالفقه الاسلامى
650 0 4 _aالقضاء
650 0 4 _aالحسبة
942 _2ddc
_cBK
999 _c48150
_d48150